书目信息 |
| 题名: |
人以什么理由来记忆
|
|
| 作者: | 徐贲 著 | |
| 分册: | ||
| 出版信息: | 北京 中央编译出版社 2016.01 |
|
| 页数: | 14,523页 | |
| 开本: | 22cm | |
| 丛书名: | 徐贲作品 | |
| 单 册: | ||
| 中图分类: | B842.3 | |
| 科图分类: | ||
| 主题词: | 记忆--研究 | |
| 电子资源: | ||
| ISBN: | 978-7-5117-2653-7 | |
| 000 | 01027oam2 2200289 450 | |
| 001 | 0120151709734 | |
| 005 | 20160614145412.50 | |
| 010 | @a978-7-5117-2653-7@b精装@dCNY69.00 | |
| 100 | @a20160217d2016 em y0chiy50 ea | |
| 101 | 0 | @achi |
| 102 | @aCN@b110000 | |
| 105 | @ay z 000yy | |
| 106 | @ar | |
| 200 | 1 | @a人以什么理由来记忆@9ren yi shen me li you lai ji yi@dFor what do human beings remember@f徐贲著@zeng |
| 205 | @a增订版 | |
| 210 | @a北京@c中央编译出版社@d2016.01 | |
| 215 | @a14,523页@d22cm | |
| 225 | 2 | @a徐贲作品@v01 |
| 330 | @a本书分为政治和存在主义;记忆与见证二辑。主要内容包括:以骄傲的反抗积极生活:阿伦特和存在主义、往事和争议:《艾希曼在耶路撒冷》、公民政治和文学的阿伦特、公共视野中的“革命”和“政治自由”等。 | |
| 333 | @a一般读者 | |
| 461 | 0 | @12001 @a徐贲作品@v01 |
| 510 | 1 | @aFor what do human beings remember@zeng |
| 606 | 0 | @a记忆@x研究 |
| 690 | @aB842.3@v5 | |
| 701 | 0 | @a徐贲@9xu ben@f(1950-)@4著 |
| 801 | 0 | @aCN@b人天书店@c20160217 |
| 905 | @b879718-23@dB842.3@e1348=2@f6 | |
| 人以什么理由来记忆=For what do human beings remember/徐贲著.-增订版.-北京:中央编译出版社,2016.01 |
| 14,523页;22cm.-(徐贲作品;01) |
| 使用对象:一般读者 |
| ISBN 978-7-5117-2653-7(精装):CNY69.00 |
| 本书分为政治和存在主义;记忆与见证二辑。主要内容包括:以骄傲的反抗积极生活:阿伦特和存在主义、往事和争议:《艾希曼在耶路撒冷》、公民政治和文学的阿伦特、公共视野中的“革命”和“政治自由”等。 |
| ● |
| 相关链接 |
|
|
|
|
正题名:人以什么理由来记忆
索取号:B842.3/1348=2
 
预约/预借
| 序号 | 登录号 | 条形码 | 馆藏地/架位号 | 状态 | 备注 |
| 1 | 879718 | 208797186 | 第一样本阅览室/ [索取号:B842.3/1348=2] | 在馆 | |
| 2 | 879719 | 208797195 | 教育系资料室/ [索取号:B842.3/1348=2] | 在馆 | |
| 3 | 879720 | 208797202 | 教育系资料室/ [索取号:B842.3/1348=2] | 在馆 | |
| 4 | 879721 | 208797211 | 教育系资料室/ [索取号:B842.3/1348=2] | 在馆 | |
| 5 | 879722 | 208797220 | 第一借阅区/ [索取号:B842.3/1348=2] | 在馆 | |
| 6 | 879723 | 208797239 | 第一借阅区/ [索取号:B842.3/1348=2] | 在馆 |